Регионална библиотека "Любен Каравелов" - Русе

Васка Попова-Баларева (1902 - 1979) (Запис номер 389278)

MARC детайли
000 -Лидер
Контролно поле с фиксирана дължина 01759nam a2200409 a 4500
003 - Код на организацията, давaща контролен номер
Контролно поле BLK
005 - Дата и час на последна редакция
Контролно поле 20230628123032.0
008 - Елементи от данни с фиксирана дължина
fixed length control field 200929b bu ||||| |||| 00| 0 bu d
040 ## - Източник на каталожния запис
Идентификатор на билиотеката - собственик на записа BLK
041 ## - Код за език
Код за езика на текст/звукозапис или на отделно заглавие Български
Код за езика КДБФ Български
072 #7 - Код за тематичната категория
Код организация bullib
Код за тематична категория Н70
Текст Изкуства Н
080 ## - УДК
Текстов определител УДК Живопис - художници
УДК код - определител по УДК 75.071.1
УДК определител (497.2)(092)(083.824)
УДК - код + определител 75.071.1(497.2)(092)(083.824)
080 ## - УДК
Текстов определител УДК Живопис
УДК код - определител по УДК 75
УДК определител (497.2)(083.824)
УДК - код + определител 75(497.2)(083.824)
080 ## - УДК
Текстов определител УДК Българска художничка
УДК код - определител по УДК 929 Баларева-Попова, Васка Иванова
УДК - код + определител 929 Баларева-Попова, Васка Иванова
139 ## - Редно поле
Редна дума Попова-Баларева, Васка Иванова
Авторски знак Попов - П 76
245 10 - Сведения за заглавието
Заглавие Васка Попова-Баларева (1902 - 1979)
Подзаглавни данни Каталог
Редно поле (дума) Васка Иванова Попова-Баларева.
257 ## - Страна на издаване
Страна на създаване/издаване България
260 ## - Област на издателските данни
Име на издателя, разпространителя и проч. б.и.
Година на издаване б.г.
9 (RLIN) 393107
300 ## - Физическа характеристика
Страници 36 с.
Илюстрации и др. с цв. ил
Размери/Мащаб 23X22 см
380 ## - Жанр
Жанр Изкуство
500 ## - Общи забележки
Забележка Изд. e по случай 80 години от рождението на майката
600 14 - Име на лице, използвано като предмет
За него / За нея Попова-Баларева, Васка Иванова
9 (RLIN) 352044
650 #4 - Допълнително описание по предмет – тема
Основно описание – тема или топоним Живопис, българска
9 (RLIN) 279805
650 #4 - Допълнително описание по предмет – тема
Основно описание – тема или топоним Художници, български - албуми
9 (RLIN) 290224
651 #4 - Допълнително описание по предмет - топоним
Географско понятие България
9 (RLIN) 241624
653 ## - Ключова дума – ненормативна
Ключова дума живопис
653 ## - Ключова дума – ненормативна
Ключова дума български художници
653 ## - Ключова дума – ненормативна
Ключова дума Васка Попова-Баларева
659 ## - Тематичен бюлетин
Тематичен бюлетин Н
700 1# - Други автори (авторска отговорност)
Лично име Попова-Баларева, Васка Иванова
9 (RLIN) 352044
852 ## - Местоположение
Форматна сигнатура Цб 301821
Фондова буква Хранилище
856 4# - Електронен адрес и достъп
Електронен формат pdf - файл
Път до файла /url/
856 4# - Електронен адрес и достъп
Електронен формат pdf - файл
Път до файла /url/
999 ## - СИСТЕМНИ КОНТРОЛНИ НОМЕРА
Koha biblionumber 389278
Koha biblioitemnumber 389278
942 ## - АРТИКУЛИ
Вид на библиотечния материал Книги
Скрит в OPAC Не
Периодичен библиозапис Да
Koha issues (borrowed), all copies 1
944 ## - СЪЗДАВАНЕ И РЕДАКЦИЯ на ЗАПИСА
Създаване/Редакция Създаване
Дата на регистрацията/редакция 2020-09-29
Служител, извършил регистрацията/редакцията К.Д.
999 ## - СИСТЕМНИ КОНТРОЛНИ НОМЕРА
Koha biblioitemnumber 389278
Наличности
Код за отписване Код за изгубен артикул Източник на класификационната схема Код за повреда Коз за рестрикции Код за отдаване Артикулен № Име на библиотеката - собственик Име на библиотеката, в която се намира в момента Статус (Текущо местоположение) Дата на вписване в системата Местоположение - отдел Цена в лева Инвентарен номер Систематично азбучна сигнатура Баркод Цена в евро Служебен тип на артикула
  Не е изгубен Universal Decimal Classification Не е повреден само за читалня ползва се в читалня 802084 Регионална библиотека "Любен Каравелов" Русе Регионална библиотека "Любен Каравелов" Русе Хранилище 2020-10-01 Основен фонд - ползва се само за читалня 0.60 370270 Цб 301821 120000370270 0.31 Книги
  Не е изгубен Universal Decimal Classification Не е повреден само за читалня ползва се в читалня 876127 Регионална библиотека "Любен Каравелов" Русе Регионална библиотека "Любен Каравелов" Русе Краезнание 2022-03-17 Краезнание 1.00   К 7/П 76 120000869084 0.51 Книги
Vip Innovations Ltd, Rousse, Bulgaria 2025